Представление документа в формате MARC21

Поле Инд. ПП Название Значение
Тип записи a
Библиографический уровень m
001 Контрольный номер e4693667-42eb-4d2e-acc1-84d05078011c
005 Дата корректировки 20140703125222.3
008 Кодируемые данные 040521
020 c Цена, тираж б/ц
040 a Служба первич. каталог. НБ ТвГУ
041 a Код языка текста rus
080 a Индекс УДК 316:330.131.7(043.3)
a Индекс УДК 330.131.7(043.3)
084 a Индекс другой классификации/Индекс ББК С032.5я031
a Индекс другой классификации/Индекс ББК С561.2я031
090 a Полочн. индекс С032.5
x Авторский знак М82
100 1_ a Автор Москвина Юлия Николаевна
245 10 a Заглавие Социальные ситуации риска
b Продолж. заглавия Дис. ... канд. филос. наук : 09.00.11
c Ответственность Моск. гос. технол. ун-т "СТАНКИН". Каф. философии
260 1_ a Место издания Тверь
b Издательство Б. и.
c Дата издания 2004
300 a Объем 160 с.
500 a Примечание На правах рукоп.
502 a Примечание о диссертации Дис. (канд.) - Моск. гос. технол. ун-т "СТАНКИН", Каф. философии
504 a Библиография Библиогр.: с.151-160.
583 a Действие Получение впервые 233 21.05.2004
650 a Основная рубрика Риски (филос.)
x Основная подрубрика Социальная философия
653 a Ключевые слова Диссертации
a Ключевые слова Ипотека
a Ключевые слова Исторический риск
a Ключевые слова Риски (филос.)
a Ключевые слова Рискология
a Ключевые слова Социальная философия
a Ключевые слова Социальные ситуации риска
a Ключевые слова Социальный субъект
a Ключевые слова Управление рисками
852 t Порядковый номер экземпляра 1
p Инвентарный номер б/н
888 a Бесплатные
930 a Новая/Ретро диссертации
952 p 233.2004 б/ц 1 б/н
c Вид литературы Дис н
954 a Дата поступления на обработку 20040531
999 a Подразделение 2 ч.з.